Every UK Railway Station (U) Quiz Stats

 Plays Quiz not verified by Sporcle

Support Sporcle.
Go Orange.
Score 0/18 Timer 04:00
1 Play Today
Station % Correct
Upminster
70.1%
Upton
69.3%
Uttoxeter
64.2%
Uckfield
63.3%
Ulverston
55.4%
Urmston
52.8%
Upper Tyndrum
48.7%
Uddingston
47.6%
Upwey
43.6%
Station % Correct
Umberleigh
42.8%
Upper Holloway
37.3%
University
35.3%
Upholland
34.2%
Ulleskelf
33.3%
Ulceby
32.1%
Upper Halliford
31.3%
Upper Warlingham
29.8%
Uphall
26.5%

You're not logged in!

Compare scores with friends on all Sporcle quizzes.
OR
Log In

From the Vault

Whom Did Leonardo DiCaprio Play?

by El_Dandy

Cheers to you Leo. We certainly miss making Oscar jokes about you.
Remove Ads.
Support Sporcle.
Get the best of Sporcle when you Go Orange. This ad-free experience offers more features, more stats, and more fun while also helping to support Sporcle. Thank you for becoming a member.

Show Comments

Extras

Top Quizzes Today


Score Distribution

Your Account Isn't Verified!

In order to create a playlist on Sporcle, you need to verify the email address you used during registration. Go to your Sporcle Settings to finish the process.

Report this User

Report this user for behavior that violates our Community Guidelines.

Details: